000 00480nam a22001937a 4500
005 20260305060332.0
008 260305b |||||||| |||| 00| 0 eng d
020 _a9788123710310
040 _aIN-DiNC
_cIN-DiNC
041 _deng
082 _a301.0954
_bDUB
100 _aDube, SC
_eauthor
245 _aIndian society/
_cby SC Dube
250 _a2nd rep.
260 _aNew Delhi:
_bNational book trust,
_c2010.
300 _a147p.
650 _aSociology
942 _2ddc
_cBK
999 _c12314
_d12314